| 000 | 00501nam a22001457a 4500 | ||
|---|---|---|---|
| 003 | OSt | ||
| 005 | 20260114085651.0 | ||
| 008 | 260114b |||||||| |||| 00| 0 eng d | ||
| 040 |
_aDWCL-Admin lib _cOC |
||
| 082 | _aRes. 929.273 P133b 1989 | ||
| 245 |
_aGrace and Arnold: _b(An introduction to the spirituality of Blessed Arnold Janssen, SVD) |
||
| 260 |
_aQuezon City, Philippines : _b Hiyas Press. Inc, _cc1989. |
||
| 300 |
_a 133 pages : _billustration ; _c22cm. |
||
| 942 |
_2ddc _cBK-0 CIRC _hRes. _n0 |
||
| 999 |
_c7388 _d7388 |
||